• 首页
  • 本馆介绍
  • 公告通知
  • 最新文献
  • 馆藏检索
  • 电子资源
  • 读者导购
  • 参考咨询
  • 我的图书馆
  • 登录
  • 详细信息显示
  • 放入我的书架
  • 预约/预借图书
  • 作者相关作品
  • 分类相关作品
  • 丛书相关作品
  • 出版社相关作品

书目信息

  • 表格格式
  • 工作单格式
  • 卡片格式
题名:
杰克·韦尔奇自传
    
 
作者: 韦尔奇 , 拜恩 著 ;曹彦博 译
分册:  
出版信息: 北京   中信出版社  2001
页数: 414页
开本: 21cm
丛书名:
单 册:
中图分类: K837.125.38
科图分类:
主题词: 经济学家--传记--美国
电子资源:
ISBN: 7-80073-374-2
000 00753nam0 2200241 45
001 (011001)c2001093917
005 20041119100745.7
010    @a7-80073-374-2@dCNY29.00
100    @a20011105d2001 em y0chiy0110 ea
101 1  @achi@ceng
102    @aCN@b110000
105    @aa z 000ya
200 1  @a杰克·韦尔奇自传@Ajie ke· wei er qi zi zhuan@f(美)杰克·韦尔奇,约翰·拜恩著@F(Mei)Jie Ke·Wei Er Qi,Yue Han·Bai En Zhu@g曹彦博等译
210    @a北京@c中信出版社@d2001
215    @a414页@c照片@d21cm
600  1 @a韦尔奇
606 0  @a经济学家@x传记@y美国
690    @aK837.125.38@v4
701  0 @a韦尔奇@4著
701  0 @a拜恩@4著
702  0 @a曹彦博@Acao yan bo@4译
801    @aCN@bTSTC@c20030409
905    @b322402-406@dK837.125.38@e375WE@f5
    
    杰克·韦尔奇自传/(美)杰克·韦尔奇,约翰·拜恩著/曹彦博等译.-北京:中信出版社,2001
    414页:照片;21cm
    
    
    ISBN 7-80073-374-2:CNY29.00
    
●
相关链接 在E读中查询图书 在五车中查询图书 在当当中查询图书 在豆瓣中查询图书


正题名:杰克·韦尔奇自传     索取号:K837.125.38/375WE         预约/预借

序号 登录号 条形码 馆藏地/架位号 状态 备注
1 0322402   203224028   第二借阅区/ [索取号:K837.125.38/375WE] 在馆    
2 0322403   203224037   第二借阅区/ [索取号:K837.125.38/375WE] 在馆    
3 0322404   203224046   第二借阅区/ [索取号:K837.125.38/375WE] 在馆    
4 0322405   203224055   第二借阅区/ [索取号:K837.125.38/375WE] 在馆    
5 0322406   203224064   第二样本阅览室/ [索取号:K837.125.38/375WE] 在馆    
唐山师范学院图书馆 欢迎您!
大连网信软件有限公司© 版权所有